000 01512cam a2200373 a 4500
001 12593361
003 ARRUPE
005 20140205140629.0
008 011119s2001 enk b 101 0 eng
010 _a 2001277463
015 _aGBA1-Y8168
020 _a1903240492
035 _a(OCoLC)ocm46432613
040 _aUKM
_cUKM
_dOCLCQ
_dGUL
_dDLC
042 _alccopycat
043 _ae-uk---
050 0 0 _aHV9279
_b.C643 2000
245 0 0 _aCommunity penalties :
_bchange and challenges /
_cedited by Anthony Bottoms, Loraine Gelsthorpe, Sue Rex.
260 _aCullompton, Devon, UK ;
_aPortland, Or. :
_bWillan Pub.,
_c2001.
300 _axiv, 255 p. ;
_c24 cm.
440 0 _aCambridge criminal justice series
_98005
500 _aDeveloped from papers and discussions at the 24th Cropwood Round Table Conference.
500 _aPublished in association with the Institute of Criminology, University of Cambridge.
504 _aIncludes bibliographical references and index.
650 0 _aCommunity-based corrections
_zGreat Britain
_vCongresses.
_98006
700 1 _aBottoms, A. E.
_98007
700 1 _aGelsthorpe, Loraine.
_98008
700 1 _aRex, Sue.
_98009
710 2 _aUniversity of Cambridge.
_bInstitute of Criminology.
_98010
711 2 _aCropwood Round-Table Conference
_n(24th :
_d2000 :
_cNew Hall, University of Cambridge)
_98011
906 _a7
_bcbc
_ccopycat
_d2
_encip
_f20
_gy-gencatlg
942 _2lcc
_cMONOGRAPH
999 _c119953
_d119953